000 00464nam a2200181Ia 4500
999 _c28840
_d28840
003 OSt
005 20250628112353.0
008 250310s9999||||xx |||||||||||||| ||und||
040 _c.
082 _a510.2462
_bG841
100 _91611
_aGrewal, B. S.
245 0 _aHigher engineering mathematics /
_cB. S. Grewal
250 _a20th ed.
260 _aDelhi :
_bKhanna Publications,
_c1988.
300 _aviii,1022 p.
650 0 _931
_aMathematics
942 _cBK
_2ddc